| 000 | 00475nam a2200169Ia 4500 | ||
|---|---|---|---|
| 008 | 191130s2010##################000#0#eng## | ||
| 020 | _a9780199574223 | ||
| 040 |
_aACL _cACL |
||
| 082 | _a344205 HOO | ||
| 245 |
_aBlackstone's criminal law _cedited by Hooper, justice |
||
| 260 |
_aOxford _bOxford University Press _c2010 |
||
| 300 | _a420 p.; 23 cm | ||
| 650 | _aCriminal procedure | ||
| 990 | _ac4edbe5bac10000c0aa384d0e2dffc9d | ||
| 991 | _a358583 | ||
| 999 |
_c117309 _d117309 |
||